[Event "SUI-ch HT2"]
[Site "Samnaun"]
[Date "2008.07.15"]
[Round "4"]
[White "Nuri, Kambez"]
[Black "Zangger, Daniel"]
[Result "1-0"]
[WhiteElo "2168"]
[BlackElo "1922"]
[PlyCount "23"]
[EventDate "2008.07.12"]
[EventType "swiss"]
[EventRounds "7"]
[EventCountry "SUI"]
[SourceTitle "EXT 2024"]
[Source "ChessBase"]
[SourceDate "2023.10.10"]
[SourceVersion "1"]
[SourceVersionDate "2023.10.10"]
[SourceQuality "1"]

1. d4 Nf6 2. Nf3 g6 3. c4 Bg7 4. Nc3 d6 5. e3 0-0 6. Be2 e5 7. 0-0 Nc6 8. d5 Ne7 9. b4 Ne8 10. Ba3 f5 11. Ng5 Nxd5 12. Qxd5+ 1-0

[Event "SUI-ch op"]
[Site "Leukerbad"]
[Date "2007.07.18"]
[Round "7"]
[White "Zangger, Daniel"]
[Black "Mueller, Sebastian"]
[Result "0-1"]
[WhiteElo "1983"]
[BlackElo "2295"]
[PlyCount "37"]
[EventDate "2007.07.12"]
[EventType "swiss"]
[EventRounds "9"]
[EventCountry "SUI"]
[SourceTitle "CBM 119 Extra"]
[Source "ChessBase"]
[SourceDate "2007.09.04"]
[SourceVersion "1"]
[SourceVersionDate "2007.09.04"]
[SourceQuality "1"]

1. e4 c5 2. Nf3 Nc6 3. d4 cxd4 4. Nxd4 Nf6 5. Nc3 e5 6. Ndb5 d6 7. Bg5 a6 8. Na3 b5 9. Bxf6 gxf6 10. Nd5 Bg7 11. Bd3 Be6 12. c3 f5 13. 0-0 0-0 14. Qh5 fxe4 15. Nf6+ Qxf6 16. Bxe4 Rfc8 17. Bxh7+ Kf8 18. Rfd1 d5 19. Rxd5 0-1

[Event "Zuerich op-B 31st"]
[Site "Zuerich"]
[Date "2007.??.??"]
[Round "6"]
[White "Bannwart, Remo"]
[Black "Zangger, Daniel"]
[Result "1-0"]
[WhiteElo "1657"]
[BlackElo "1816"]
[PlyCount "57"]
[EventDate "2007.12.26"]
[EventType "swiss"]
[EventRounds "7"]
[EventCountry "SUI"]
[SourceTitle "EXT 2019"]
[Source "ChessBase"]
[SourceDate "2018.10.10"]
[SourceVersion "1"]
[SourceVersionDate "2018.10.10"]
[SourceQuality "1"]

1. e4 d6 2. d4 Nf6 3. Nc3 g6 4. f4 Bg7 5. Nf3 Bg4 6. Be2 0-0 7. h3 Bd7 8. g4 e6 9. e5 Ne8 10. g5 Nc6 11. h4 h5 12. gxh6 Bxh6 13. h5 Kg7 14. hxg6 f5 15. exf6+ Nxf6 16. Ng5 Bxg5 17. fxg5 Nd5 18. Rh7+ Kg8 19. Bd3 Nf6 20. gxf6 Qxf6 21. Be3 Be8 22. Qh5 Ne7 23. 0-0-0 Nf5 24. Bxf5 exf5 25. Rg1 c6 26. Bh6 Qxd4 27. Ne2 Qe5 28. Bxf8 Qe3+ 29. Kd1 1-0

[Event "Zuerich op-B 30th"]
[Site "Zuerich"]
[Date "2006.12.26"]
[Round "6"]
[White "Eggenberger, Werner"]
[Black "Zangger, Daniel"]
[Result "1-0"]
[WhiteElo "2014"]
[BlackElo "1891"]
[PlyCount "33"]
[EventDate "2006.12.26"]
[EventType "swiss"]
[EventRounds "7"]
[EventCountry "SUI"]
[SourceTitle "CBM 116 Extra"]
[Source "ChessBase"]
[SourceDate "2007.03.07"]
[SourceVersion "1"]
[SourceVersionDate "2007.03.07"]
[SourceQuality "1"]

1. e4 d6 2. d4 Nf6 3. Nc3 g6 4. Bc4 Bg7 5. Qe2 e5 6. dxe5 dxe5 7. Nf3 Nbd7 8. Bg5 h6 9. Bh4 g5 10. Bg3 Nh5 11. 0-0-0 Nf4 12. Bxf4 exf4 13. e5 g4 14. e6 fxe6 15. Qxe6+ Qe7 16. Qg6+ Kf8 17. Rhe1 1-0

[Event "Zuerich op-B 30th"]
[Site "Zuerich"]
[Date "2006.12.26"]
[Round "5"]
[White "Zangger, Daniel"]
[Black "Kajtez, Mile"]
[Result "0-1"]
[WhiteElo "1891"]
[BlackElo "1972"]
[PlyCount "64"]
[EventDate "2006.12.26"]
[EventType "swiss"]
[EventRounds "7"]
[EventCountry "SUI"]
[SourceTitle "CBM 116 Extra"]
[Source "ChessBase"]
[SourceDate "2007.03.07"]
[SourceVersion "1"]
[SourceVersionDate "2007.03.07"]
[SourceQuality "1"]

1. e4 c5 2. Nf3 g6 3. d4 cxd4 4. Nxd4 Bg7 5. Be3 Nc6 6. Nc3 a6 7. Qd2 e6 8. 0-0-0 Qc7 9. g4 Nge7 10. Be2 d5 11. exd5 Nxd5 12. Nxd5 exd5 13. Nxc6 bxc6 14. Bh6 Qe5 15. Bxg7 Qxg7 16. Qe3+ Be6 17. Qc5 Kd7 18. c4 Qe5 19. Rhe1 Rhb8 20. Rd2 Rxb2 21. Rxb2 Qc3+ 22. Rc2 Qxe1+ 23. Kb2 Rb8+ 24. Ka3 Qb1 25. cxd5 Bxd5 26. Rd2 Ke8 27. Bd3 Rb3+ 28. Ka4 Rxd3 29. Re2+ Be6 30. Qxc6+ Kf8 31. Qc5+ Kg8 32. Qe5 Qd1+ 0-1